<?xml version="1.0" encoding="UTF-8"?>
<record
    xmlns:xsi="http://www.w3.org/2001/XMLSchema-instance"
    xsi:schemaLocation="http://www.loc.gov/MARC21/slim http://www.loc.gov/standards/marcxml/schema/MARC21slim.xsd"
    xmlns="http://www.loc.gov/MARC21/slim">

  <leader>03117    a2200241   4500</leader>
  <controlfield tag="003">NALT</controlfield>
  <controlfield tag="005">20240718111931.0</controlfield>
  <controlfield tag="008">230411b        th ||||| |||| 00| 0 tha d</controlfield>
  <datafield tag="020" ind1=" " ind2=" ">
    <subfield code="a">9786165812191</subfield>
  </datafield>
  <datafield tag="040" ind1=" " ind2=" ">
    <subfield code="a">NALT</subfield>
  </datafield>
  <datafield tag="090" ind1=" " ind2=" ">
    <subfield code="a">KT 63</subfield>
    <subfield code="b">&#xE28;325&#xE01; 2565</subfield>
  </datafield>
  <datafield tag="100" ind1="0" ind2=" ">
    <subfield code="a">&#xE28;&#xE31;&#xE01;&#xE14;&#xE34;&#xE4C;&#xE0A;&#xE32;&#xE22; &#xE2A;&#xE38;&#xE19;&#xE17;&#xE23;&#xE18;&#xE19;&#xE32;&#xE20;&#xE34;&#xE23;&#xE21;&#xE22;&#xE4C; </subfield>
    <subfield code="9">60515</subfield>
  </datafield>
  <datafield tag="245" ind1="1" ind2="0">
    <subfield code="a">&#xE01;&#xE0E;&#xE2B;&#xE21;&#xE32;&#xE22;&#xE27;&#xE34;&#xE18;&#xE35;&#xE1E;&#xE34;&#xE08;&#xE32;&#xE23;&#xE13;&#xE32;&#xE04;&#xE27;&#xE32;&#xE21;&#xE41;&#xE1E;&#xE48;&#xE07; 2 /</subfield>
    <subfield code="c">&#xE28;&#xE31;&#xE01;&#xE14;&#xE34;&#xE4C;&#xE0A;&#xE32;&#xE22; &#xE2A;&#xE38;&#xE19;&#xE17;&#xE23;&#xE18;&#xE19;&#xE32;&#xE20;&#xE34;&#xE23;&#xE21;&#xE22;&#xE4C;.</subfield>
  </datafield>
  <datafield tag="250" ind1=" " ind2=" ">
    <subfield code="a">&#xE1E;&#xE34;&#xE21;&#xE1E;&#xE4C;&#xE04;&#xE23;&#xE31;&#xE49;&#xE07;&#xE17;&#xE35;&#xE48; 2.</subfield>
  </datafield>
  <datafield tag="260" ind1=" " ind2=" ">
    <subfield code="a">&#xE01;&#xE23;&#xE38;&#xE07;&#xE40;&#xE17;&#xE1E;&#xE2F; :</subfield>
    <subfield code="b">&#xE27;&#xE34;&#xE0D;&#xE0D;&#xE39;&#xE0A;&#xE19;,</subfield>
    <subfield code="c">2565.</subfield>
  </datafield>
  <datafield tag="300" ind1=" " ind2=" ">
    <subfield code="a">428 &#xE2B;&#xE19;&#xE49;&#xE32; :</subfield>
    <subfield code="b">&#xE41;&#xE1C;&#xE19;&#xE20;&#xE32;&#xE1E; ;</subfield>
    <subfield code="c">26 &#xE0B;&#xE21;.</subfield>
  </datafield>
  <datafield tag="505" ind1="1" ind2=" ">
    <subfield code="a">&#xE2B;&#xE21;&#xE27;&#xE14;&#xE17;&#xE35;&#xE48; 1 &#xE2D;&#xE38;&#xE17;&#xE18;&#xE23;&#xE13;&#xE4C;-&#xE0E;&#xE35;&#xE01;&#xE32; -- &#xE1A;&#xE17;&#xE17;&#xE35;&#xE48; 1 &#xE2D;&#xE38;&#xE17;&#xE18;&#xE23;&#xE13;&#xE4C; -- &#xE1A;&#xE17;&#xE17;&#xE35;&#xE48; 2 &#xE02;&#xE49;&#xE2D;&#xE08;&#xE33;&#xE01;&#xE31;&#xE14;&#xE2A;&#xE34;&#xE17;&#xE18;&#xE34;&#xE43;&#xE19;&#xE01;&#xE32;&#xE23;&#xE2D;&#xE38;&#xE17;&#xE18;&#xE23;&#xE13;&#xE4C; -- &#xE1A;&#xE17;&#xE17;&#xE35;&#xE48; 3 &#xE01;&#xE32;&#xE23;&#xE22;&#xE37;&#xE48;&#xE19; &#xE01;&#xE32;&#xE23;&#xE15;&#xE23;&#xE27;&#xE08;&#xE2D;&#xE38;&#xE17;&#xE18;&#xE23;&#xE13;&#xE4C; &#xE41;&#xE25;&#xE30;&#xE01;&#xE32;&#xE23;&#xE1E;&#xE34;&#xE08;&#xE32;&#xE23;&#xE13;&#xE32;&#xE02;&#xE2D;&#xE07;&#xE28;&#xE32;&#xE25;&#xE2D;&#xE38;&#xE17;&#xE18;&#xE23;&#xE13;&#xE4C; -- &#xE1A;&#xE17;&#xE17;&#xE35;&#xE48; 4 &#xE0E;&#xE35;&#xE01;&#xE32; -- &#xE2B;&#xE21;&#xE27;&#xE14;&#xE17;&#xE35;&#xE48; 2 &#xE27;&#xE34;&#xE18;&#xE35;&#xE01;&#xE32;&#xE23;&#xE0A;&#xE31;&#xE48;&#xE27;&#xE04;&#xE23;&#xE32;&#xE27;&#xE01;&#xE48;&#xE2D;&#xE19;&#xE1E;&#xE34;&#xE1E;&#xE32;&#xE01;&#xE29;&#xE32; -- &#xE1A;&#xE17;&#xE17;&#xE35;&#xE48; 1 &#xE27;&#xE34;&#xE18;&#xE35;&#xE01;&#xE32;&#xE23;&#xE04;&#xE38;&#xE49;&#xE21;&#xE04;&#xE23;&#xE2D;&#xE07;&#xE08;&#xE33;&#xE40;&#xE25;&#xE22; -- &#xE1A;&#xE17;&#xE17;&#xE35;&#xE48; 2 &#xE27;&#xE34;&#xE18;&#xE35;&#xE01;&#xE32;&#xE23;&#xE04;&#xE38;&#xE49;&#xE21;&#xE04;&#xE23;&#xE2D;&#xE07;&#xE42;&#xE08;&#xE17;&#xE01;&#xE4C; -- &#xE1A;&#xE17;&#xE17;&#xE35;&#xE48; 3 &#xE04;&#xE39;&#xE48;&#xE04;&#xE27;&#xE32;&#xE21;&#xE02;&#xE2D;&#xE04;&#xE38;&#xE49;&#xE21;&#xE04;&#xE23;&#xE2D;&#xE07;&#xE1B;&#xE23;&#xE30;&#xE42;&#xE22;&#xE0A;&#xE19;&#xE4C; -- &#xE2B;&#xE21;&#xE27;&#xE14;&#xE17;&#xE35;&#xE48; 3 &#xE01;&#xE32;&#xE23;&#xE1A;&#xE31;&#xE07;&#xE04;&#xE31;&#xE1A;&#xE04;&#xE14;&#xE35;&#xE15;&#xE32;&#xE21;&#xE04;&#xE33;&#xE1E;&#xE34;&#xE1E;&#xE32;&#xE01;&#xE29;&#xE32;&#xE2B;&#xE23;&#xE37;&#xE2D;&#xE04;&#xE33;&#xE2A;&#xE31;&#xE48;&#xE07; -- &#xE1A;&#xE17;&#xE17;&#xE35;&#xE48; 1 &#xE01;&#xE32;&#xE23;&#xE1A;&#xE31;&#xE07;&#xE04;&#xE31;&#xE1A;&#xE04;&#xE14;&#xE35; -- &#xE1A;&#xE17;&#xE17;&#xE35;&#xE48; 2 &#xE28;&#xE32;&#xE25;&#xE17;&#xE35;&#xE48;&#xE21;&#xE35;&#xE2D;&#xE33;&#xE19;&#xE32;&#xE08;&#xE43;&#xE19;&#xE01;&#xE32;&#xE23;&#xE1A;&#xE31;&#xE07;&#xE04;&#xE31;&#xE1A;&#xE04;&#xE14;&#xE35; -- &#xE1A;&#xE17;&#xE17;&#xE35;&#xE48; 3 &#xE04;&#xE33;&#xE1A;&#xE31;&#xE07;&#xE04;&#xE31;&#xE1A; -- &#xE1A;&#xE17;&#xE17;&#xE35;&#xE48; 4 &#xE01;&#xE32;&#xE23;&#xE23;&#xE49;&#xE2D;&#xE07;&#xE02;&#xE2D;&#xE43;&#xE2B;&#xE49;&#xE1A;&#xE31;&#xE07;&#xE04;&#xE31;&#xE1A;&#xE04;&#xE14;&#xE35; -- &#xE1A;&#xE17;&#xE17;&#xE35;&#xE48; 5 &#xE04;&#xE33;&#xE02;&#xE2D;&#xE43;&#xE2B;&#xE49;&#xE1A;&#xE31;&#xE07;&#xE04;&#xE31;&#xE1A;&#xE04;&#xE14;&#xE35;&#xE41;&#xE25;&#xE30;&#xE01;&#xE32;&#xE23;&#xE1E;&#xE34;&#xE08;&#xE32;&#xE23;&#xE13;&#xE32;&#xE02;&#xE2D;&#xE07;&#xE28;&#xE32;&#xE25; -- &#xE1A;&#xE17;&#xE17;&#xE35;&#xE48; 6 &#xE40;&#xE08;&#xE49;&#xE32;&#xE1E;&#xE19;&#xE31;&#xE01;&#xE07;&#xE32;&#xE19;&#xE1A;&#xE31;&#xE07;&#xE04;&#xE31;&#xE1A;&#xE04;&#xE14;&#xE35; &#xE41;&#xE25;&#xE30;&#xE1C;&#xE39;&#xE49;&#xE21;&#xE35;&#xE2A;&#xE48;&#xE27;&#xE19;&#xE44;&#xE14;&#xE49;&#xE40;&#xE2A;&#xE35;&#xE22;&#xE43;&#xE19;&#xE01;&#xE32;&#xE23;&#xE1A;&#xE31;&#xE07;&#xE04;&#xE31;&#xE1A;&#xE04;&#xE14;&#xE35; -- &#xE1A;&#xE17;&#xE17;&#xE35;&#xE48; 7 &#xE01;&#xE32;&#xE23;&#xE17;&#xE38;&#xE40;&#xE25;&#xE32;&#xE01;&#xE32;&#xE23;&#xE1A;&#xE31;&#xE07;&#xE04;&#xE31;&#xE1A;&#xE04;&#xE14;&#xE35; &#xE01;&#xE32;&#xE23;&#xE07;&#xE14;&#xE01;&#xE32;&#xE23;&#xE1A;&#xE31;&#xE07;&#xE04;&#xE31;&#xE1A;&#xE04;&#xE14;&#xE35; &#xE01;&#xE32;&#xE23;&#xE16;&#xE2D;&#xE19;&#xE01;&#xE32;&#xE23;&#xE1A;&#xE31;&#xE07;&#xE04;&#xE31;&#xE1A;&#xE04;&#xE14;&#xE35; &#xE01;&#xE32;&#xE23;&#xE40;&#xE1E;&#xE34;&#xE01;&#xE16;&#xE2D;&#xE19;&#xE2B;&#xE23;&#xE37;&#xE2D;&#xE41;&#xE01;&#xE49;&#xE44;&#xE02;&#xE01;&#xE32;&#xE23;&#xE1A;&#xE31;&#xE07;&#xE04;&#xE31;&#xE1A;&#xE04;&#xE14;&#xE35;&#xE17;&#xE35;&#xE48;&#xE44;&#xE21;&#xE48;&#xE0A;&#xE2D;&#xE1A; -- &#xE1A;&#xE17;&#xE17;&#xE35;&#xE48; 8 &#xE01;&#xE32;&#xE23;&#xE1A;&#xE31;&#xE07;&#xE04;&#xE31;&#xE1A;&#xE04;&#xE14;&#xE35;&#xE01;&#xE23;&#xE13;&#xE35;&#xE17;&#xE35;&#xE48;&#xE40;&#xE1B;&#xE47;&#xE19;&#xE2B;&#xE19;&#xE35;&#xE49;&#xE40;&#xE07;&#xE34;&#xE19; -- &#xE1A;&#xE17;&#xE17;&#xE35;&#xE48; 9 &#xE1A;&#xE17;&#xE04;&#xE38;&#xE49;&#xE21;&#xE04;&#xE23;&#xE2D;&#xE07;&#xE1A;&#xE38;&#xE04;&#xE04;&#xE25;&#xE20;&#xE32;&#xE22;&#xE19;&#xE2D;&#xE01; -- &#xE1A;&#xE17;&#xE17;&#xE35;&#xE48; 10 &#xE01;&#xE32;&#xE23;&#xE1A;&#xE31;&#xE07;&#xE04;&#xE31;&#xE1A;&#xE04;&#xE14;&#xE35;&#xE01;&#xE23;&#xE13;&#xE35;&#xE17;&#xE35;&#xE48;&#xE44;&#xE21;&#xE48;&#xE43;&#xE0A;&#xE48;&#xE2B;&#xE19;&#xE35;&#xE49;&#xE40;&#xE07;&#xE34;&#xE19;.</subfield>
  </datafield>
  <datafield tag="650" ind1=" " ind2="4">
    <subfield code="9">756</subfield>
    <subfield code="a">&#xE27;&#xE34;&#xE18;&#xE35;&#xE1E;&#xE34;&#xE08;&#xE32;&#xE23;&#xE13;&#xE32;&#xE04;&#xE27;&#xE32;&#xE21;&#xE41;&#xE1E;&#xE48;&#xE07;</subfield>
  </datafield>
  <datafield tag="850" ind1=" " ind2=" ">
    <subfield code="a">NALT</subfield>
  </datafield>
  <datafield tag="942" ind1=" " ind2=" ">
    <subfield code="2">local</subfield>
    <subfield code="c">LB</subfield>
  </datafield>
  <datafield tag="996" ind1=" " ind2=" ">
    <subfield code="a">areerat.v</subfield>
    <subfield code="b">CATSTF	</subfield>
    <subfield code="c">2023-04-11</subfield>
  </datafield>
  <datafield tag="999" ind1=" " ind2=" ">
    <subfield code="c">101740</subfield>
    <subfield code="d">101740</subfield>
  </datafield>
  <datafield tag="998" ind1=" " ind2=" ">
    <subfield code="j">111</subfield>
    <subfield code="k"> &#xE19;&#xE32;&#xE07;&#xE2A;&#xE32;&#xE27;&#xE1E;&#xE08;&#xE1E;&#xE34;&#xE13;  &#xE1E;&#xE23;&#xE21;&#xE40;&#xE2D;&#xE35;&#xE48;&#xE22;&#xE21;</subfield>
  </datafield>
  <datafield tag="952" ind1=" " ind2=" ">
    <subfield code="0">0</subfield>
    <subfield code="1">0</subfield>
    <subfield code="2">local</subfield>
    <subfield code="4">0</subfield>
    <subfield code="7">0</subfield>
    <subfield code="8">CLAW</subfield>
    <subfield code="a">NALT</subfield>
    <subfield code="b">NALT</subfield>
    <subfield code="c">LAW</subfield>
    <subfield code="d">2023-04-06</subfield>
    <subfield code="e">23</subfield>
    <subfield code="l">3</subfield>
    <subfield code="m">3</subfield>
    <subfield code="o">KT 63 &#xE28;325&#xE01; 2565</subfield>
    <subfield code="p">3961213687</subfield>
    <subfield code="r">2024-07-30 00:00:00</subfield>
    <subfield code="s">2024-07-18</subfield>
    <subfield code="w">2023-04-06</subfield>
    <subfield code="y">LB</subfield>
  </datafield>
</record>
